Score 0/20 Timer 04:00
3 Plays Today
% Correct
Leonardo DiCaprio
94.4%
Robin Williams
86.1%
Taylor Swift
84.2%
Bruno Mars
83.4%
David Hasselhoff
77.8%
Ringo Starr
77.3%
Will Ferrell
76.8%
Kristen Stewart
71.8%
Salma Hayek
67.7%
Elizabeth Taylor
65.2%
% Correct
CeeLo Green
61.9%
Paul Rudd
60.8%
Steven Spielberg
59.7%
Hilary Swank
56.3%
Tori Spelling
56.1%
Matthew McConaughey
50.6%
Larry the Cable Guy
43.1%
Mickey Rourke
35.4%
Hugo Chávez
33.5%
Danny Trejo
33.1%
Remove Ads.
Support Sporcle.
Get the best of Sporcle when you Go Orange. This ad-free experience offers more features, more stats, and more fun while also helping to support Sporcle. Thank you for becoming a member.

You're not logged in!

Compare scores with friends on all Sporcle quizzes.
OR
Log In

Show Comments

Extras

Top Quizzes Today


Score Distribution

Your Account Isn't Verified!

In order to create a playlist on Sporcle, you need to verify the email address you used during registration. Go to your Sporcle Settings to finish the process.

Report this User

Report this user for behavior that violates our Community Guidelines.

Details: